000 00577nam a2200229 a 4500
005 20210219152911.0
008 991125n 000 0 eng u
035 _aUPN01000066267
100 _aMoriarty, Anthony
222 _aEXECUTIVE EDUCATOR
245 _aBreaking up fights
300 _a39-40
362 _a1992 14, No. 1
505 _aJunio 1992
653 0 _aPAUTAS
653 0 _aRESPONSABILIDAD DEL ADMINISTRADOR
653 0 _aVIOLENCIA
700 _aFleming, Thomas W.
700 _aFitzgerald, Patrick J.
904 _aAC
_b004078
905 _aArticulo
999 _c63408
_d63408